Регионална библиотека "Любен Каравелов" - Русе

Действителен романс (Запис номер 85804)

MARC детайли
000 -Лидер
Контролно поле с фиксирана дължина 01381nam a2200349 a 4500
003 - Код на организацията, давaща контролен номер
Контролно поле BLK
005 - Дата и час на последна редакция
Контролно поле 20250313153152.0
008 - Елементи от данни с фиксирана дължина
fixed length control field 180408b bul|||||r ||||||| ||bul||
010 ## - Наследен системен номер
LC control number KNG00090407000
020 ## - Международен стандартен номер на книга ISBN
Международен стандартен номер на книга ISBN 978-954-28-0492-5
040 ## - Източник на каталожния запис
Идентификатор на билиотеката - собственик на записа BLK
041 ## - Код за език
Код за езика на текст/звукозапис или на отделно заглавие Български
Код за езика КДБФ Български
080 ## - УДК
Текстов определител УДК Немска литература
УДК код - определител по УДК 821.112.2
УДК определител -8
УДК - код + определител 821.112.2-8
100 ## - Редна дума - Автор
Автор Кестнер, Ерих
R(LIN) 366444
139 ## - Редно поле
Редна дума Кестнер, Ерих
Авторски знак Кес - К 53
240 ## - Унифицирано заглавие
Унифицирано заглавие Sachliche Romanze : Lirik und Prosa / Erich Kastner
245 10 - Сведения за заглавието
Заглавие Действителен романс
Редно поле (дума) Ерих Кестнер; подб. и прев. Венцеслав Константинов; ил. Дамян Дамянов.
257 ## - Страна на издаване
Страна на създаване/издаване Германия
260 ## - Област на издателските данни
Място на издаване, разпространение и проч. София
Име на издателя, разпространителя и проч. Сиела Софт енд Паблишинг
Година на издаване 2009
300 ## - Физическа характеристика
Страници 160 с.
Илюстрации и др. с ил.
Размери/Мащаб 21 см
380 ## - Жанр
Жанр Худож. лит.
490 ## - СЕРИИ (Колекции)
Име на серия Популярна класика
9 (RLIN) 201500
500 ## - Общи забележки
Забележка Ориг. загл. Sachliche Romanze : Lirik und Prosa / Erich Kastner. - Офс. изд.
700 1# - Други автори (авторска отговорност)
Лично име Константинов, Венцеслав
Автороска отговорност (Описва отношението между автора и произведението) подб. и прев.
9 (RLIN) 367608
700 1# - Други автори (авторска отговорност)
Лично име Дамянов, Дамян
Автороска отговорност (Описва отношението между автора и произведението) ил.
9 (RLIN) 367630
852 ## - Местоположение
Форматна сигнатура Цб 244632
856 4# - Електронен адрес и достъп
Електронен формат pdf - файл
856 4# - Електронен адрес и достъп
Електронен формат pdf - файл
999 ## - СИСТЕМНИ КОНТРОЛНИ НОМЕРА
Koha biblionumber 85804
Koha biblioitemnumber 85804
942 ## - АРТИКУЛИ
Вид на библиотечния материал Книги
Скрит в OPAC Не
Koha issues (borrowed), all copies 3
Периодичен библиозапис Да
944 ## - СЪЗДАВАНЕ И РЕДАКЦИЯ на ЗАПИСА
Създаване/Редакция Създаване
Дата на регистрацията/редакция 2021-10-27
Статус, дата на статуса Кети Илиева
Служител, извършил регистрацията/редакцията 30550
944 ## - СЪЗДАВАНЕ И РЕДАКЦИЯ на ЗАПИСА
Създаване/Редакция Редакция
Дата на регистрацията/редакция 2021-10-27
Статус, дата на статуса 2021-10-27
Наличности
Код за отписване Код за изгубен артикул Код за повреда Коз за рестрикции Код за отдаване Артикулен № Име на библиотеката - собственик Име на библиотеката, в която се намира в момента Статус (Текущо местоположение) Дата на вписване в системата Местоположение - отдел Цена в лева Инвентарен номер Систематично азбучна сигнатура Баркод Номер на екземпляра Цена в евро Служебна бележка Служебен тип на артикула Източник на класификационната схема
Изтеглен Не е изгубен Не е повреден без рестрикции заемане за дома 139072 Регионална библиотека "Любен Каравелов" Русе Регионална библиотека "Любен Каравелов" Русе Заемна - подръчен фонд 2009-07-06 Заемна - подръчен фонд 14.00 120000736764 П 830-8/К 53 120000736764 1 7.16 Дост: Pk Вид: Ф N: 19075 Дата: 01.07.2009 Дата инв: 12.02.2018 Бележки инв: П2018 Книги  
  Не е изгубен Не е повреден без рестрикции заемане за дома 139073 Регионална библиотека "Любен Каравелов" Русе Регионална библиотека "Любен Каравелов" Русе Заемна - подръчен фонд 2009-07-06 Заемна - подръчен фонд 14.00 120000736765 П 830-8/К 53 120000736765 2 7.16 Дост: Pk Вид: Ф N: 19075 Дата: 01.07.2009 Дата инв: 12.02.2018 Бележки инв: П2018 Книги  
  Не е изгубен Не е повреден само за читалня ползва се в читалня 858999 Регионална библиотека "Любен Каравелов" Русе Регионална библиотека "Любен Каравелов" Русе Хранилище 2021-10-28 Основен фонд - ползва се само за читалня 14.00   Цб 309767 120000861404   7.16   Книги Universal Decimal Classification
Vip Innovations Ltd, Rousse, Bulgaria 2025